| 000 | | | 03494nmc2a2200000 x 450 |
| 001 | | | 6407b538-fa12-49b8-849d-09475acc91a1 |
| 005 | | | 20160817124105.0 |
| 100 | ## | $a | 20140429l18741874k l0rusy0189 ca |
| 101 | 0# | $a | rus |
| 102 | ## | $a | RU |
| 200 | 1# | $a | Доклады по периодической печати министра внутренних дел Александру II |
| | $j | июнь 1874 г. |
| 251 | ## | $c | Дело |
| 300 | ## | $a | Дело |
| 801 | #0 | $a | RU |
| | $b | РГИА |
| | $c | 20140429 |
| | $g | RCR |
| 801 | #1 | $a | RU |
| | $b | ГлавНИВЦ |
| | $c | 20140429 |
| | $2 | rusmarc |
| 801 | #2 | $a | RU |
| | $b | ПБ им. Б.Н. Ельцина |
| | $c | 20160817 |
| | $g | RCR |
| | $2 | rusmarc |
| 850 | ## | $a | РГИА |
| 852 | ## | $a | РГИА |
| | $e | Федеральное казенное учреждение "Российский государственный исторический архив" (РГИА) |
| | $j | 56 |
| 937 | ## | $h | РГИА |
| | $d | 11249541 |
| | $a | ASBIBLIO_SCAN |
| 462 | #0 | $1 | 001c0aebd74-6096-49b1-b6be-ea214839d8aa |
| | $1 | 2001 |
| | $a | Доклады, обзоры и вырезки из русской и иностранной периодической печати |
| | $1 | 251 |
| | $c | Опись |
| | $1 | 852 |
| | $j | 1 |
| 461 | #0 | $1 | 00170bfa5a4-889e-44db-9b74-75899b008a1e |
| | $1 | 2001 |
| | $a | Обзоры печати, выписки и вырезки из печати (коллекция) |
| | $1 | 251 |
| | $c | Фонд |
| | $1 | 852 |
| | $j | 1470 |
| 215 | ## | $a | 180 л. |
| | $d | 36,5х26 см |
| 371 | ## | $a | Документ не является опубликованным и широко распространяемым |
| 105 | ## | $a | y### |
| 122 | 2# | $a | d |
| 035 | ## | $a | 6407b538-fa12-49b8-849d-09475acc91a1 |